000 00522nmm a2200169Ia 4500
008 251105s9999||||xx |||||||||||||||||und||
020 _a8497424824
041 _aspa
100 _aCobo Suero, Juan Manuel
245 0 _aOtro mundo es posible :
_b Propuesta de una utopía para el siglo XXI
264 _a[Madrid, España] :
_bBiblioteca Nueva,
_c2005
300 _a132 páginas
490 _aEnsayo Pensamiento
650 _aPhilosophy, Ethics
856 _uhttps://public.digitaliapublishing.com/a/5267
942 _cCF
999 _c74204
_d74204